Nine new EU construction standards (Record no. 71914)
[ view plain ]
| 000 -LEADER | |
|---|---|
| fixed length control field | 01155cam a2200205 4500 |
| 001 - CONTROL NUMBER | |
| control field | X121017 |
| 008 - FIXED-LENGTH DATA ELEMENTS--GENERAL INFORMATION | |
| fixed length control field | 030115n2003 000 0 eng u |
| 035 ## - SYSTEM CONTROL NUMBER | |
| System control number | (Sirsi) u121017 |
| 245 ## - TITLE STATEMENT | |
| Title | Nine new EU construction standards |
| 260 ## - PUBLICATION, DISTRIBUTION, ETC. | |
| Date of publication, distribution, etc. | 2003 |
| 490 ## - SERIES STATEMENT | |
| Series statement | RICS Brussels Briefing |
| Volume/sequential designation | 13 January 2003, (1) |
| 520 ## - SUMMARY, ETC. | |
| Summary, etc. | Nine new construction product standards have been published in the EU's Official Journal, covering concrete aggregates, clay paving stones, chimney pots, anti-flooding devices for buildings, floor screeds, concrete manholes and inspection chambers: also three on fire detection and alarm systems. Prepared by the European Committee for Standardisation (CEN), the standards are designed to help manufacturers meet the requirements of the Construction Products Directive 89/106/EEC. A list of the harmonised standards can be found on the website http://europa.eu.int/comm/enterprise/construction/internal/specdef/stanlist.htm |
| 590 ## - LOCAL NOTE (RLIN) | |
| Local note | WB |
| 650 ## - SUBJECT ADDED ENTRY--TOPICAL TERM | |
| Topical term or geographic name entry element | BUILT ENVIRONMENT-BUILDING MATERIALS |
| 650 ## - SUBJECT ADDED ENTRY--TOPICAL TERM | |
| Topical term or geographic name entry element | EUROPEAN UNION |
| 650 ## - SUBJECT ADDED ENTRY--TOPICAL TERM | |
| Topical term or geographic name entry element | EC DIRECTIVES |
| 650 ## - SUBJECT ADDED ENTRY--TOPICAL TERM | |
| Topical term or geographic name entry element | DIRECTIVE 89/106/EEC |
| 690 ## - LOCAL SUBJECT ADDED ENTRY--TOPICAL TERM (OCLC, RLIN) | |
| Topical term or geographic name as entry element | BUILT ENVIRONMENT |
| 942 ## - ADDED ENTRY ELEMENTS (KOHA) | |
| Suppress in OPAC | 0 |
| Withdrawn status | Lost status | Source of classification or shelving scheme | Damaged status | Not for loan | Home library | Current library | Shelving location | Date acquired | Total Checkouts | Full call number | Barcode | Date last seen | Copy number | Price effective from | Koha item type |
|---|---|---|---|---|---|---|---|---|---|---|---|---|---|---|---|
| Dewey Decimal Classification | London | London | News article | 15/01/2003 | X121017 | 121017-1001 | 06/08/2019 | 1 | 06/08/2019 | News article |